| 000 | 00488nam a2200157 a 4500 | ||
|---|---|---|---|
| 001 | 000030439 | ||
| 005 | 20200930062319.0 | ||
| 008 | 110517s1984 dr 000 0 spa d | ||
| 040 |
_aDO-SdBNP _bspa _cBNPHU |
||
| 082 |
_axxx _bR696m |
||
| 100 | 1 |
_aRodríguez Bonilla, Manuel _938657 |
|
| 245 | 1 | 0 |
_aMao su cultura a través de la historia / _cManuel Rodríguez Bonilla. |
| 260 |
_aMao, Valverde : _bAsociación Médica Regional Norte, _c1984. |
||
| 300 |
_a24 p. ; _c22 cm. |
||
| 049 | _aBNPD | ||
| 999 |
_c29931 _d29931 |
||